Largest Coastal Cities in the U.S - Statistics

General Stats
  • This quiz has been taken 249 times
  • The average score is 14 of 18
Answer Stats
Hint Answer % Correct
8,537,673 New York
100%
3,976,322 Los Angeles
99%
453,579 Miami
99%
870,877 San Francisco
97%
1,406,630 San Diego
95%
673,184 Boston
94%
704,352 Seattle
94%
377,165 Tampa
85%
391,495 New Orleans
84%
880,619 Jacksonville
79%
1,205,350 San Jose
78%
614,664 Baltimore
71%
452,602 Virginia Beach
61%
420,005 Oakland
55%
470,130 Long Beach
53%
351,792 Honolulu
48%
325,733 Corpus Christi
41%
298,192 Anchorage
40%
No matching quizzes found
Score Distribution
Percent of People with Each Score
Percentile by Number Answered
Your Score History
You have not taken this quiz